Lyrics - Beatles - Her Majesty - Statistics

General Stats
  • This quiz has been taken 710 times
  • The average score is 59 of 68
Answer Stats
Answer % Correct
Her
100%
her
100%
her
100%
her
100%
her
100%
her
100%
her
100%
a
98%
a
98%
a
98%
a
98%
a
98%
a
98%
I
96%
I
96%
I
96%
girl
95%
girl
95%
girl
95%
nice
95%
nice
95%
nice
95%
to
95%
to
95%
to
95%
to
95%
to
95%
pretty
93%
pretty
93%
pretty
93%
she
92%
she
92%
but
90%
but
90%
but
90%
have
88%
lot
88%
lot
88%
say
88%
day
86%
day
86%
doesn't
86%
majesty's
85%
majesty's
85%
majesty's
85%
love
83%
tell
81%
want
80%
from
79%
make
79%
make
79%
mine
79%
mine
79%
that
78%
wine
78%
changes
77%
I'm
76%
I'm
76%
someday
73%
someday
73%
of
72%
going
71%
going
71%
get
66%
Oh
66%
yeah
66%
gotta
64%
bellyful
47%
No matching quizzes found
Score Distribution
Percent of People with Each Score
Percentile by Number Answered
Your Score History
You have not taken this quiz